Soil management in India. (Record no. 20191)

MARC details
000 -LEADER
fixed length control field 00388nam a2200157Ia 4500
082 ## - DEWEY DECIMAL CLASSIFICATION NUMBER
Classification number 631.4(540)
Item number ARA
100 ## - MAIN ENTRY--AUTHOR NAME
Personal name ARAKERI, H R
245 #0 - TITLE STATEMENT
Title Soil management in India.
260 ## - PUBLICATION, DISTRIBUTION, ETC. (IMPRINT)
Place of publication Bombay
Name of publisher Asia
Year of publication 1959
650 ## - SUBJECT ADDED ENTRY--TOPICAL TERM
Topical Term Farm mechanisation
650 ## - SUBJECT ADDED ENTRY--TOPICAL TERM
Topical Term Fertilizers
650 ## - SUBJECT ADDED ENTRY--TOPICAL TERM
Topical Term Green manuring
650 ## - SUBJECT ADDED ENTRY--TOPICAL TERM
Topical Term Weed control
942 ## - ADDED ENTRY ELEMENTS (KOHA)
Koha item type Books
Holdings
Withdrawn status Lost status Damaged status Not for loan Home library Current library Date acquired Full call number Accession Number Koha item type
        RRII Library RRII Library 16/12/2021 631.4(540) ARA 00919 Books